| 000 | 00657nam a22001337a 4500 | ||
|---|---|---|---|
| 040 | _cRUA | ||
| 082 | _aAVM KHE 2015 B506 Or.1 | ||
| 100 | _aKHEM VAN ខែម វ៉ាន់ | ||
| 245 | _aStudy on foot and mouth disease of cattle at dankom commune and samlanh commune angkorchey district kampot province, ការសិក្សាជំងឺអ៊ុតក្ដាមដែលកើតលើសត្វគោនៅឃុំ ដាមគោម និង ឃសំឡាញ ស្រុកអង្គរជ័យ ខេត្តកំពត | ||
| 260 |
_aPhnom Penh _bRUA _c2015 |
||
| 300 |
_ax; 38p. _bill. _c29cm. |
||
| 856 | _u KHEM VAN | ||
| 942 | _cAVM | ||
| 999 |
_c8769 _d8769 |
||